Estudios sobre sociedad y tecnología / (Record no. 10985)

MARC details
000 -LEADER
campo de control de longitud fija 00942nam a22002775i 4500
001 - NÚMERO DE CONTROL
campo de control 10985
003 - IDENTIFICADOR DE NÚMERO DE CONTROL
campo de control ES-MaACL
005 - FECHA Y HORA DE LA ÚLTIMA TRANSACCIÓN
campo de control 20230906150014.0
007 - CAMPO FIJO DE DESCRIPCIÓN FÍSICA--INFORMACIÓN GENERAL
campo de control de longitud fija t|
008 - DATOS DE LONGITUD FIJA--INFORMACIÓN GENERAL
campo de control de longitud fija 930119s1992 sp ||||0| spa j
020 ## - NÚMERO INTERNACIONAL ESTÁNDAR DEL LIBRO
Número Internacional Estándar del Libro 84-7658-369-9
040 ## - FUENTE DE CATALOGACIÓN
Centro catalogador/agencia de origen M-BN
Lengua de catalogación spa
Centro/agencia transcriptor M-BN
080 ## - NÚMERO DE LA CLASIFICACIÓN DECIMAL UNIVERSAL
Número de la Clasificación Decimal Universal 316.42:62/69
080 ## - NÚMERO DE LA CLASIFICACIÓN DECIMAL UNIVERSAL
Número de la Clasificación Decimal Universal 62/69:316.42
245 00 - MENCIÓN DEL TÍTULO
Título Estudios sobre sociedad y tecnología /
Mención de responsabilidad, etc. José Sanmartín ... [et al.], (eds).
250 ## - MENCION DE EDICION
Mención de edición [1ª ed.].
260 ## - PUBLICACIÓN, DISTRIBUCIÓN, ETC.
Lugar de publicación, distribución, etc. Barcelona :
Nombre del editor, distribuidor, etc. Anthropos ;
Lugar de publicación, distribución, etc. [Leioa] :
Nombre del editor, distribuidor, etc. Servicio Editorial, Universidad del País Vasco = Argitarapen Zerbitzua, Euskal Herriko Unibertsitatea,
Fecha de publicación, distribución, etc. 1992.
300 ## - DESCRIPCIÓN FÍSICA
Extensión 334 p ;
Dimensiones 20 cm.
490 1# - MENCIÓN DE SERIE
Mención de serie Nueva ciencia ;
Designación de volumen o secuencia 9
504 ## - NOTA DE BIBLIOGRAFÍA, ETC.
Nota de bibliografía, etc. Bibliografía.
650 14 - PUNTO DE ACCESO ADICIONAL DE MATERIA--TÉRMINO DE MATERIA
Término de materia o nombre geográfico como elemento de entrada Progreso científico y tecnológico-
Subdivisión general Aspectos sociales.
9 (RLIN) 16471
700 1# - ENTRADA AGREGADA--NOMBRE PERSONAL
Nombre de persona Sanmartín, José.
9 (RLIN) 103183
830 0# - PUNTO DE ACCESO ADICIONAL DE SERIE-TÍTULO UNIFORME
Título uniforme Nueva ciencia ;
Designación de volumen o secuencia 9
9 (RLIN) 177424
852 ## - LOCALIZACIÓN
Ubicación ES-MaACL
Número de control de estantería L-18337
Sublocalización o colección R.121353
Holdings
Estatus retirado Estado de pérdida Estado de daño No para préstamo Biblioteca de origen Biblioteca actual Ubicación en estantería Fecha de adquisición Fuente de adquisición Total de préstamos Signatura topográfica completa Código de barras Visto por última vez Precio de reemplazo Tipo de ítem Koha
        Biblioteca del Ateneo de Madrid Biblioteca del Ateneo de Madrid Depósito 2 17/01/2008     L-18337 1011203 23/02/2023 23/02/2023 Libro impreso